JPEG2000 standard for image compression : (Record no. 592070)

000 -LEADER
fixed length control field 02040cam a22003614a 4500
001 - CONTROL NUMBER
control field 13590395
005 - DATE AND TIME OF LATEST TRANSACTION
control field 20221028130237.0
008 - FIXED-LENGTH DATA ELEMENTS--GENERAL INFORMATION
fixed length control field 040512s2005 njua b 001 0 eng
010 ## - LIBRARY OF CONGRESS CONTROL NUMBER
LC control number 2004042256
020 ## - INTERNATIONAL STANDARD BOOK NUMBER
International Standard Book Number 0471484229
035 ## - SYSTEM CONTROL NUMBER
System control number (OCoLC)ocm55220097
040 ## - CATALOGING SOURCE
Original cataloging agency DLC
Transcribing agency DLC
Modifying agency C#P
-- DLC
042 ## - AUTHENTICATION CODE
Authentication code pcc
050 00 - LIBRARY OF CONGRESS CALL NUMBER
Classification number TK6680.5
Item number .A25 2005
082 00 - DEWEY DECIMAL CLASSIFICATION NUMBER
Classification number 006.6,ACH
Edition number 22
100 1# - MAIN ENTRY--PERSONAL NAME
Personal name Acharya, Tinku.
9 (RLIN) 101633
245 10 - TITLE STATEMENT
Title JPEG2000 standard for image compression :
Remainder of title concepts, algorithms and VLSI architectures /
Statement of responsibility, etc. Tinku Acharya, Ping-Sing Tsai.
246 3# - VARYING FORM OF TITLE
Title proper/short title JPEG 2000 standard for image compression
260 ## - PUBLICATION, DISTRIBUTION, ETC.
Place of publication, distribution, etc. Hoboken, N.J. :
Name of publisher, distributor, etc. Wiley-Interscience,
Date of publication, distribution, etc. c2005.
300 ## - PHYSICAL DESCRIPTION
Extent xv, 274 p. :
Other physical details ill. (some col.) ;
Dimensions 25 cm.
505 ## - FORMATTED CONTENTS NOTE
Formatted contents note Introduction to data compression (Page-1), Source coding Algorithms (Page-23), JPEG: Still image compression standard (Page-55), Introduction to discrete wavelet transform (Page-79), VLSI architecures for discrete wavelet transforms (Page-107), JPEG 2000 Standard (Page-137), Coding Algorithms in JPEG2000 (Page-163), Code-Stream organization file format (Page-213), VLSI Architectures for JPEG2000 (Page-227), Beyond Part 1 JPEG2000 Standard (Page-253).
650 #0 - SUBJECT ADDED ENTRY--TOPICAL TERM
Topical term or geographic name entry element JPEG (Image coding standard)
9 (RLIN) 101634
650 #0 - SUBJECT ADDED ENTRY--TOPICAL TERM
Topical term or geographic name entry element Image compression.
9 (RLIN) 56009
700 1# - ADDED ENTRY--PERSONAL NAME
Personal name Tsai, Ping-Sing,
Dates associated with a name 1962-
9 (RLIN) 101635
856 42 - ELECTRONIC LOCATION AND ACCESS
Materials specified Publisher description
Uniform Resource Identifier <a href="http://www.loc.gov/catdir/description/wiley042/2004042256.html">http://www.loc.gov/catdir/description/wiley042/2004042256.html</a>
856 41 - ELECTRONIC LOCATION AND ACCESS
Materials specified Table of contents only
Uniform Resource Identifier <a href="http://www.loc.gov/catdir/toc/wiley041/2004042256.html">http://www.loc.gov/catdir/toc/wiley041/2004042256.html</a>
856 42 - ELECTRONIC LOCATION AND ACCESS
Materials specified Book review (E-STREAMS)
Uniform Resource Identifier <a href="http://www.e-streams.com/es0805/es0805_4108.html">http://www.e-streams.com/es0805/es0805_4108.html</a>
856 42 - ELECTRONIC LOCATION AND ACCESS
Materials specified Contributor biographical information
Uniform Resource Identifier <a href="http://www.loc.gov/catdir/enhancements/fy0617/2004042256-b.html">http://www.loc.gov/catdir/enhancements/fy0617/2004042256-b.html</a>
906 ## - LOCAL DATA ELEMENT F, LDF (RLIN)
a 7
b cbc
c orignew
d 1
e ocip
f 19
g y-gencatlg
942 ## - ADDED ENTRY ELEMENTS (KOHA)
Source of classification or shelving scheme
Koha item type Book
Call number prefix 006.6,ACH
Holdings
Withdrawn status Lost status Source of classification or shelving scheme Damaged status Not for loan Permanent Location Current Location Shelving location Date acquired Full call number Barcode Date last seen Price effective from Koha item type Public note
          Military College of Signals (MCS) Military College of Signals (MCS) General Stacks 10/28/2022 006.6,ACH MCS33213 10/28/2022 10/28/2022 Book Almirah No.7, Shelf No.4
© 2023 Central Library, National University of Sciences and Technology. All Rights Reserved.